LEADER 00868nam0-22002411i-450- 001 990001309080403321 005 20071217140823.0 035 $a000130908 035 $aFED01000130908 035 $a(Aleph)000130908FED01 035 $a000130908 100 $a20001205d1956----km-y0itay50------ba 101 0 $ager 200 1 $aSysteme von differentialgleichungen erster Ordnung vom elliptischen Typus und Randwertaufgaben mit einer Anwendung in der Theorie der Schalen 210 $aBerlin$cAkademie-Verlag$d1956 700 1$aVekua,$bIlia Nestorovich$02061 801 0$aIT$bUNINA$gRICA$2UNIMARC 901 $aBK 912 $a990001309080403321 952 $a12-E-2$b2403$fMA1 959 $aMA1 996 $aSysteme von differentialgleichungen erster Ordnung vom elliptischen Typus und Randwertaufgaben mit einer Anwendung in der Theorie der Schalen$9383565 997 $aUNINA LEADER 01074nam0 22002651i 450 001 UON00513034 005 20231205105508.350 100 $a20230403d1980 |0itac50 ba 101 $aeng 102 $aIN 105 $a|||| ||||| 200 1 $aDhrupada$ea study of its origin, historical development, structure and present state$fIndurama Srivastava$gforeword professor J. Gonda 210 $aDelhi$aVaranasi ; Patna$cMotilal Banarsidass$d1980 215 $axv, 151 p., [6] p. di tav.$cill.$d23 cm 606 $aMUSICA INDIANA$3UONC004712$2FI 620 $aIN$dNew Delhi$3UONL000110 700 1$aSRIVASTAVA$bIndurama$3UONV289575$01590608 702 1$aGONDA$bJan$3UONV000886 712 $aMotilal Banarsidass$3UONV246000$4650 801 $aIT$bSOL$c20240220$gRICA 899 $aSIBA - SISTEMA BIBLIOTECARIO DI ATENEO$2UONSI 912 $aUON00513034 950 $aSIBA - SISTEMA BIBLIOTECARIO DI ATENEO$dSI SI FONDO PANDEY 001 TERZO PIANO $eSI 41585 5 001 TERZO PIANO 996 $aDhrupada$93902326 997 $aUNIOR